[Event "Geraardsbergen op 35th"]
[Site "Geraardsbergen"]
[Date "2019.08.16"]
[Round "6"]
[White "Chetverik, Maxim"]
[Black "Schalkx, Johnny"]
[Result "1/2-1/2"]
[WhiteElo "2199"]
[BlackElo "2157"]
[PlyCount "43"]
[EventDate "2019.08.14"]
[EventType "swiss"]
[EventRounds "9"]
[EventCountry "BEL"]
[SourceTitle "CBM 191 Extra"]
[Source "ChessBase"]
[SourceDate "2019.09.30"]
[SourceVersion "1"]
[SourceVersionDate "2019.09.30"]
[SourceQuality "1"]

1. d4 g6 2. g3 Bg7 3. Bg2 Nf6 4. c4 0-0 5. Nf3 d6 6. 0-0 c6 7. Nc3 Qa5 8. e4 e5 9. dxe5 dxe5 10. Qc2 Na6 11. a3 Rd8 12. Be3 Ng4 13. Bg5 f6 14. Bd2 Qc5 15. h3 Nh6 16. b3 Qe7 17. Na4 Be6 18. Rfd1 b5 19. Nb2 Nf7 20. Bf1 Rab8 21. b4 Nc7 22. c5 1/2-1/2

[Event "Geraardsbergen op 35th"]
[Site "Geraardsbergen"]
[Date "2019.08.15"]
[Round "4"]
[White "Sneppe, Herman"]
[Black "Schalkx, Johnny"]
[Result "0-1"]
[WhiteElo "1942"]
[BlackElo "2157"]
[PlyCount "42"]
[EventDate "2019.08.14"]
[EventType "swiss"]
[EventRounds "9"]
[EventCountry "BEL"]
[SourceTitle "CBM 191 Extra"]
[Source "ChessBase"]
[SourceDate "2019.09.30"]
[SourceVersion "1"]
[SourceVersionDate "2019.09.30"]
[SourceQuality "1"]

1. e4 c6 2. d4 d5 3. exd5 cxd5 4. Bd3 Nc6 5. c3 g6 6. Bf4 Bh6 7. Bxh6 Nxh6 8. Nf3 Qb6 9. Qb3 Qd8 10. Nbd2 0-0 11. h4 Ng4 12. h5 e5 13. Nxe5 Ncxe5 14. dxe5 Nxe5 15. Be2 Be6 16. Qd1 d4 17. cxd4 Qxd4 18. Nf3 Qxb2 19. hxg6 Nxf3+ 20. Bxf3 Bc4 21. gxf7+ Rxf7 0-1

[Event "Ghent Taminco op 38th"]
[Site "Ghent"]
[Date "2015.07.19"]
[Round "3"]
[White "Schalkx, Johnny"]
[Black "Scheermeijer, Robert"]
[Result "1-0"]
[WhiteElo "2130"]
[BlackElo "1879"]
[PlyCount "123"]
[EventDate "2015.07.18"]
[EventType "swiss"]
[EventRounds "9"]
[EventCountry "BEL"]
[SourceTitle "CBM 167 Extra"]
[Source "ChessBase"]
[SourceDate "2015.09.14"]
[SourceVersion "1"]
[SourceVersionDate "2015.09.14"]
[SourceQuality "1"]

1. e4 c5 2. Nf3 Nc6 3. Bb5 d6 4. 0-0 Bd7 5. Re1 e6 6. c3 a6 7. Bf1 Be7 8. d4 e5 9. dxc5 dxc5 10. Nbd2 b5 11. a4 Rb8 12. axb5 axb5 13. Nb1 Nf6 14. Na3 b4 15. Nc4 bxc3 16. bxc3 0-0 17. Nfxe5 Nxe5 18. Nxe5 Qc7 19. Bf4 Bd6 20. Nxd7 Bxf4 21. Nxf6+ gxf6 22. g3 Be5 23. Ra3 Rb2 24. Qh5 c4 25. Rea1 Qc5 26. Qg4+ Kh8 27. Qf5 Rb3 28. Ra5 Rb5 29. Ra8 Rfb8 30. Rxb8+ Rxb8 31. Ra4 Qc8 32. Qh5 Qd7 33. Rxc4 Rb3 34. Bh3 Rb1+ 35. Kg2 Qd1 36. Qxd1 Rxd1 37. f4 Bd6 38. Rd4 Rxd4 39. cxd4 Kg7 40. Kf3 h5 41. Bf1 Ba3 42. h4 Bb4 43. Be2 Bd2 44. d5 Bb4 45. Kf2 Kg6 46. Bd3 Kg7 47. Kf3 Be1 48. Kg2 Bb4 49. Kf3 Bc3 50. g4 hxg4+ 51. Kxg4 Kf8 52. Kf5 Kg7 53. Bc4 Ba5 54. h5 Bd8 55. d6 Kf8 56. h6 Kg8 57. h7+ Kxh7 58. Bxf7 Kg7 59. Ke6 Kf8 60. Bh5 Kg7 61. Kd7 Ba5 62. Ke8 1-0

[Event "Geraardsbergen op"]
[Site "Geraardsbergen"]
[Date "2013.08.14"]
[Round "9"]
[White "Schalkx, Johnny"]
[Black "Nabuurs, Joep"]
[Result "1-0"]
[WhiteElo "2197"]
[BlackElo "2206"]
[PlyCount "63"]
[EventDate "2013.08.10"]
[EventType "swiss"]
[EventRounds "9"]
[EventCountry "BEL"]
[SourceTitle "CBM 155 Extra"]
[Source "ChessBase"]
[SourceDate "2013.08.26"]
[SourceVersion "1"]
[SourceVersionDate "2013.08.26"]
[SourceQuality "1"]

1. e4 e5 2. f4 Bc5 3. Nf3 d6 4. Bc4 Nf6 5. d3 Nc6 6. Nc3 Bg4 7. Na4 0-0 8. Nxc5 dxc5 9. c3 Qd6 10. h3 Bxf3 11. Qxf3 Rad8 12. 0-0 a6 13. a4 Na5 14. fxe5 Qxe5 15. Bf4 Qe7 16. e5 Nd7 17. Rae1 Nxc4 18. dxc4 c6 19. Qg3 Qe6 20. Bg5 Rde8 21. Rf6 Qxc4 22. Bh6 g6 23. Rd6 Re7 24. Bxf8 Nxf8 25. Qg5 Re8 26. Rd8 Rxd8 27. Qxd8 Kg7 28. Qf6+ Kg8 29. Rd1 Qxa4 30. Rd8 Qe4 31. Re8 Qf5 32. Qd8 1-0

[Event "Geraardsbergen op"]
[Site "Geraardsbergen"]
[Date "2013.08.13"]
[Round "8"]
[White "Wiley, Tom E"]
[Black "Schalkx, Johnny"]
[Result "1/2-1/2"]
[WhiteElo "2258"]
[BlackElo "2197"]
[PlyCount "79"]
[EventDate "2013.08.10"]
[EventType "swiss"]
[EventRounds "9"]
[EventCountry "BEL"]
[SourceTitle "CBM 155 Extra"]
[Source "ChessBase"]
[SourceDate "2013.08.26"]
[SourceVersion "1"]
[SourceVersionDate "2013.08.26"]
[SourceQuality "1"]

1. d4 g6 2. c4 Bg7 3. e4 Nc6 4. Be3 e5 5. dxe5 Nxe5 6. Nc3 d6 7. Rc1 Nf6 8. Be2 0-0 9. Nf3 Nfg4 10. Bf4 f5 11. exf5 Bxf5 12. Nxe5 Nxe5 13. Qd2 Qd7 14. 0-0 Rae8 15. b3 Bg4 16. Bxg4 Qxg4 17. Bg3 h5 18. h3 Qf5 19. Nd5 Rf7 20. Rce1 Ref8 21. Bxe5 dxe5 22. Nc3 Qf4 23. Ne4 Qf5 24. Qd5 b6 25. h4 Qd7 26. Qxd7 Rxd7 27. Rd1 Rfd8 28. Rxd7 Rxd7 29. f3 Rd4 30. Kf2 Kf7 31. Ke2 Bf6 32. g3 Ke6 33. c5 Be7 34. Rc1 b5 35. Rc2 a5 36. a3 c6 37. Rc1 Kd5 38. Rc2 Ke6 39. Rc1 Kd5 40. Rc2 1/2-1/2

[Event "Geraardsbergen op"]
[Site "Geraardsbergen"]
[Date "2013.08.11"]
[Round "4"]
[White "Schalkx, Johnny"]
[Black "Ringoir, Tanguy"]
[Result "0-1"]
[WhiteElo "2197"]
[BlackElo "2480"]
[PlyCount "52"]
[EventDate "2013.08.10"]
[EventType "swiss"]
[EventRounds "9"]
[EventCountry "BEL"]
[SourceTitle "CBM 155 Extra"]
[Source "ChessBase"]
[SourceDate "2013.08.26"]
[SourceVersion "1"]
[SourceVersionDate "2013.08.26"]
[SourceQuality "1"]

1. e4 c6 2. d4 d5 3. exd5 cxd5 4. Bd3 Nc6 5. c3 Qc7 6. h3 Nf6 7. Ne2 g6 8. Bf4 Qb6 9. Qb3 Bf5 10. Bxf5 gxf5 11. Qxb6 axb6 12. Na3 e6 13. Nb5 Kd7 14. f3 h5 15. Kf2 h4 16. b4 Ra4 17. a3 Be7 18. Rhc1 Rc8 19. Bg5 Ne4+ 20. fxe4 Bxg5 21. exd5 Bxc1 22. Rxc1 Na7 23. Nxa7 Rxa7 24. Ke3 Rxa3 25. Kd3 Rg8 26. Nf4 b5 0-1

[Event "Geraardsbergen op"]
[Site "Geraardsbergen"]
[Date "2013.08.10"]
[Round "2"]
[White "Helsen, Steff"]
[Black "Schalkx, Johnny"]
[Result "0-1"]
[WhiteElo "2086"]
[BlackElo "2197"]
[PlyCount "30"]
[EventDate "2013.08.10"]
[EventType "swiss"]
[EventRounds "9"]
[EventCountry "BEL"]
[SourceTitle "CBM 155 Extra"]
[Source "ChessBase"]
[SourceDate "2013.08.26"]
[SourceVersion "1"]
[SourceVersionDate "2013.08.26"]
[SourceQuality "1"]

1. d4 g6 2. e4 Bg7 3. Be3 d5 4. c4 dxe4 5. Nc3 Nf6 6. f3 exf3 7. Nxf3 0-0 8. Be2 Ng4 9. Bg1 e5 10. h3 exd4 11. Nd5 Ne3 12. Nxe3 dxe3 13. Qb3 a5 14. Qxe3 Re8 15. Rd1 Qxd1+ 0-1

[Event "Geraardsbergen op 28th"]
[Site "Geraardsbergen"]
[Date "2012.08.11"]
[Round "2"]
[White "Schalkx, Johnny"]
[Black "Jacquet, Reinier"]
[Result "1-0"]
[WhiteElo "2243"]
[BlackElo "1893"]
[PlyCount "37"]
[EventDate "2012.08.11"]
[EventType "swiss"]
[EventRounds "9"]
[EventCountry "BEL"]
[SourceTitle "EXT 2013"]
[Source "ChessBase"]
[SourceDate "2012.11.22"]
[SourceVersion "1"]
[SourceVersionDate "2012.11.22"]
[SourceQuality "1"]

1. g3 g6 2. Bg2 Bg7 3. e4 d6 4. d4 Nc6 5. Ne2 e5 6. c3 Nge7 7. 0-0 h5 8. h4 Bg4 9. d5 Nb8 10. Bg5 Bh6 11. Bxh6 Rxh6 12. Qd2 Rh7 13. c4 Bxe2 14. Qxe2 Nd7 15. Nd2 f5 16. Nf3 Nf8 17. Ng5 Rg7 18. f4 Qd7 19. Bh3 1-0

[Event "Ghent Taminco op 35th"]
[Site "Ghent"]
[Date "2012.07.17"]
[Round "8"]
[White "Langedijk, Ardjan"]
[Black "Schalkx, Johnny"]
[Result "1-0"]
[WhiteElo "2108"]
[BlackElo "2243"]
[PlyCount "45"]
[EventDate "2012.07.14"]
[EventType "swiss"]
[EventRounds "9"]
[EventCountry "BEL"]
[SourceTitle "CBM 149 Extra"]
[Source "ChessBase"]
[SourceDate "2012.08.24"]
[SourceVersion "1"]
[SourceVersionDate "2012.08.24"]
[SourceQuality "1"]

1. d4 g6 2. c4 Bg7 3. Nf3 d6 4. g3 Nf6 5. Bg2 c5 6. 0-0 cxd4 7. Nxd4 0-0 8. Nc3 Na6 9. h3 Qb6 10. Ndb5 Qc5 11. b3 Qh5 12. e4 Qxd1 13. Rxd1 Nc5 14. e5 dxe5 15. Be3 Ne6 16. Nxa7 e4 17. Rac1 Nd8 18. Nxc8 Rxc8 19. Nxe4 Nxe4 20. Bxe4 f5 21. Bg2 e6 22. Rd7 Ra8 23. a4 1-0

[Event "Geraardsbergen op 26th"]
[Site "Geraardsbergen"]
[Date "2010.08.14"]
[Round "8"]
[White "Schalkx, Johnny"]
[Black "Ringoir, Tanguy"]
[Result "1/2-1/2"]
[WhiteElo "2205"]
[BlackElo "2390"]
[PlyCount "52"]
[EventDate "2010.08.11"]
[EventType "swiss"]
[EventRounds "9"]
[EventCountry "BEL"]
[SourceTitle "CBM 138 Extra"]
[Source "ChessBase"]
[SourceDate "2010.10.29"]
[SourceVersion "1"]
[SourceVersionDate "2010.10.29"]
[SourceQuality "1"]

1. e4 c6 2. Nc3 d5 3. d4 dxe4 4. Nxe4 Bf5 5. Nc5 e5 6. Nxb7 Qb6 7. Nc5 exd4 8. Nb3 Bb4+ 9. Bd2 Nf6 10. Nf3 0-0 11. Nfxd4 Bg4 12. Be2 Bxe2 13. Nxe2 Ne4 14. 0-0 Bxd2 15. Nxd2 Rd8 16. Nxe4 Rxd1 17. Rfxd1 Na6 18. b3 Rd8 19. Nd6 h6 20. Nc4 Qc7 21. a3 Rxd1+ 22. Rxd1 Nc5 23. Rd6 Ne4 24. Rd4 Qe7 25. Ne3 Nf6 26. a4 g6 1/2-1/2

[Event "BEL-chT 0607"]
[Site "Belgium"]
[Date "2007.02.25"]
[Round "9"]
[White "Schalkx, Johnny"]
[Black "Renette, Hans"]
[Result "0-1"]
[WhiteElo "2246"]
[BlackElo "2241"]
[PlyCount "32"]
[EventDate "2006.10.01"]
[EventType "team-tourn"]
[EventRounds "11"]
[EventCountry "BEL"]
[SourceTitle "EXT 2008"]
[Source "ChessBase"]
[SourceDate "2007.11.25"]
[SourceVersion "1"]
[SourceVersionDate "2007.11.25"]
[SourceQuality "1"]
[WhiteTeam "KGSRL"]
[BlackTeam "Leuven Centraal"]
[WhiteTeamCountry "BEL"]
[BlackTeamCountry "BEL"]

1. e4 Nc6 2. d4 d5 3. Nc3 e5 4. Bb5 dxe4 5. d5 a6 6. Ba4 b5 7. Nxb5 axb5 8. Bxb5 Nge7 9. Be3 Rb8 10. a4 Rxb5 11. axb5 Nb4 12. c4 Nd3+ 13. Kf1 Nf5 14. Qe2 Nxe3+ 15. Qxe3 f5 16. h4 Bc5 0-1

[Event "BEL-chT 0607"]
[Site "Belgium"]
[Date "2006.11.05"]
[Round "3"]
[White "Bauduin, Etienne"]
[Black "Schalkx, Johnny"]
[Result "1-0"]
[WhiteElo "2281"]
[BlackElo "2246"]
[PlyCount "155"]
[EventDate "2006.10.01"]
[EventType "team-tourn"]
[EventRounds "11"]
[EventCountry "BEL"]
[SourceTitle "EXT 2007"]
[Source "ChessBase"]
[SourceDate "2006.11.23"]
[SourceVersion "1"]
[SourceVersionDate "2006.11.23"]
[SourceQuality "1"]
[WhiteTeam "Charleroi CREC"]
[BlackTeam "KGSRL"]
[WhiteTeamCountry "BEL"]
[BlackTeamCountry "BEL"]

1. Nf3 d6 2. d4 Bg4 3. c4 Nd7 4. g3 e6 5. Bg2 c6 6. h3 Bxf3 7. Bxf3 d5 8. Qb3 Qb6 9. 0-0 Ngf6 10. cxd5 Qxb3 11. axb3 Nxd5 12. Na3 Be7 13. Nc4 a6 14. Bd2 0-0 15. e4 Nb4 16. Bc3 Ra7 17. Rad1 Na2 18. Bd2 Rc8 19. Be3 b5 20. d5 Bc5 21. Bxc5 Nxc5 22. Nd6 Rf8 23. dxc6 Rc7 24. e5 Nb4 25. Nb7 Ncd3 26. Be4 Nxe5 27. Rd6 Nexc6 28. Rc1 Rxb7 29. Bxc6 Nxc6 30. Rcxc6 a5 31. Ra6 a4 32. bxa4 bxa4 33. Rxa4 Rxb2 34. Rad4 g6 35. Rd8 Rxd8 36. Rxd8+ Kg7 37. h4 h5 38. Rd7 Kf6 39. Ra7 Rd2 40. Rb7 Rd6 41. Ra7 e5 42. Rb7 Ke6 43. Ra7 f6 44. Kg2 Kf5 45. Ra4 e4 46. Ra5+ Ke6 47. Kf1 Rd5 48. Ra6+ Ke5 49. Ke2 Rb5 50. Kf1 Kf5 51. Kg2 Rb2 52. Kf1 Rb5 53. Kg2 Rb2 54. Kf1 g5 55. hxg5 Kxg5 56. Re6 f5 57. Re8 Rb6 58. Rg8+ Rg6 59. Rf8 h4 60. gxh4+ Kg4 61. h5 Rh6 62. Ra8 Rxh5 63. Ra3 f4 64. Kg2 Rb5 65. f3+ exf3+ 66. Rxf3 Rb2+ 67. Rf2 f3+ 68. Kg1 Rb7 69. Ra2 Kg3 70. Rg2+ Kf4 71. Ra2 Rg7+ 72. Kf1 Kg3 73. Kg1 Rb7 74. Rg2+ Kf4 75. Ra2 Rg7+ 76. Kf1 Kg3 77. Kg1 Ra7 78. Rxa7 1-0

[Event "BEL-chT 0506"]
[Site "Belgium"]
[Date "2005.11.06"]
[Round "3"]
[White "Wemmers, Xander"]
[Black "Schalkx, Johnny"]
[Result "1-0"]
[WhiteElo "2414"]
[BlackElo "2274"]
[PlyCount "73"]
[EventDate "2005.10.09"]
[EventType "team-tourn"]
[EventRounds "11"]
[EventCountry "BEL"]
[SourceTitle "EXT 2006"]
[Source "ChessBase"]
[SourceDate "2005.11.24"]
[SourceVersion "1"]
[SourceVersionDate "2005.11.24"]
[SourceQuality "1"]
[WhiteTeam "Borgerhout"]
[BlackTeam "KGSRL"]
[WhiteTeamCountry "BEL"]
[BlackTeamCountry "BEL"]

1. d4 d6 2. c4 e5 3. d5 f5 4. e4 Nf6 5. exf5 Bxf5 6. Nc3 Be7 7. Nge2 0-0 8. Ng3 Qd7 9. Bd3 Bxd3 10. Qxd3 Na6 11. 0-0 Nc5 12. Qe2 Qg4 13. Qxg4 Nxg4 14. f3 Nf6 15. Be3 Nd3 16. b3 Rfc8 17. Rad1 Nb4 18. Rd2 a5 19. Nf5 Bf8 20. Bg5 Nd7 21. Ne4 Na6 22. f4 Nac5 23. Nc3 Re8 24. fxe5 Nxe5 25. h3 Nf7 26. Bf4 Ne4 27. Nxe4 Rxe4 28. Nd4 a4 29. Ne6 axb3 30. axb3 Be7 31. Nxc7 Ra3 32. Rd3 Re2 33. Nb5 Raa2 34. Rg3 Ne5 35. Nc3 Bh4 36. Nxe2 Rxe2 37. Re3 1-0

[Event "BEL-chT 0304"]
[Site "Belgium"]
[Date "2004.02.01"]
[Round "8.6"]
[White "Schalkx, Johnny"]
[Black "Ahn, Martin"]
[Result "1/2-1/2"]
[WhiteElo "2265"]
[BlackElo "2266"]
[PlyCount "22"]
[EventDate "2003.10.01"]
[EventType "team"]
[EventRounds "11"]
[EventCountry "BEL"]
[SourceTitle "EXT 2005"]
[Source "ChessBase"]
[SourceDate "2004.11.15"]
[SourceVersion "1"]
[SourceVersionDate "2004.11.15"]
[SourceQuality "1"]
[WhiteTeam "Gent"]
[BlackTeam "Rochade"]
[WhiteTeamCountry "BEL"]
[BlackTeamCountry "BEL"]

1. e4 c5 2. Nf3 d6 3. Bb5+ Bd7 4. Bxd7+ Qxd7 5. 0-0 Nf6 6. e5 dxe5 7. Nxe5 Qd6 8. Qe2 e6 9. d4 cxd4 10. Na3 d3 11. Nxd3 Qa6 1/2-1/2

[Event "BEL-chT 0304"]
[Site "Belgium"]
[Date "2004.01.25"]
[Round "2.6"]
[White "Schalkx, Johnny"]
[Black "Goossens, Etienne"]
[Result "1/2-1/2"]
[WhiteElo "2265"]
[BlackElo "2234"]
[PlyCount "73"]
[EventDate "2003.10.01"]
[EventType "team"]
[EventRounds "11"]
[EventCountry "BEL"]
[SourceTitle "EXT 2005"]
[Source "ChessBase"]
[SourceDate "2004.11.15"]
[SourceVersion "1"]
[SourceVersionDate "2004.11.15"]
[SourceQuality "1"]
[WhiteTeam "Gent"]
[BlackTeam "Liege Crelel"]
[WhiteTeamCountry "BEL"]
[BlackTeamCountry "BEL"]

1. e4 c5 2. Nf3 Nc6 3. Bb5 e6 4. b3 Nge7 5. Bb2 Ng6 6. 0-0 f6 7. d4 cxd4 8. Nxd4 Bc5 9. Nxc6 dxc6 10. Qh5 Bd4 11. c3 Be5 12. Rd1 Bd7 13. Bf1 Qa5 14. b4 Qa4 15. Nd2 Qc2 16. Nc4 0-0-0 17. Bd3 Qa4 18. g3 Bc7 19. Ne3 Kb8 20. Bc2 Qb5 21. Qh3 h5 22. c4 Qxb4 23. Rab1 Qe7 24. Rd3 Bc8 25. Rb3 h4 26. Qg2 hxg3 27. hxg3 Bb6 28. e5 Nxe5 29. Bxe5+ fxe5 30. Qe4 Qc5 31. Ng4 Rh5 32. Rf3 Rdh8 33. Kg2 Qd4 34. Re1 Ba5 35. Re2 Qa1 36. Bb1 Rh1 37. Rb3 1/2-1/2

[Event "BEL-chT 0304"]
[Site "Belgium"]
[Date "2004.01.18"]
[Round "7.5"]
[White "Schalkx, Johnny"]
[Black "Roeder, Mathias"]
[Result "1/2-1/2"]
[WhiteElo "2265"]
[BlackElo "2458"]
[PlyCount "58"]
[EventDate "2003.10.01"]
[EventType "team"]
[EventRounds "11"]
[EventCountry "BEL"]
[SourceTitle "EXT 2005"]
[Source "ChessBase"]
[SourceDate "2004.11.15"]
[SourceVersion "1"]
[SourceVersionDate "2004.11.15"]
[SourceQuality "1"]
[WhiteTeam "Gent"]
[BlackTeam "Eynatten"]
[WhiteTeamCountry "BEL"]
[BlackTeamCountry "BEL"]

1. e4 c5 2. Nf3 d6 3. Bb5+ Bd7 4. Bxd7+ Qxd7 5. 0-0 Nc6 6. c4 Nf6 7. Nc3 Ne5 8. d3 Nxf3+ 9. Qxf3 g6 10. Be3 Qg4 11. Qd1 Qxd1 12. Rfxd1 Ng4 13. Bf4 Bg7 14. h3 Ne5 15. Rab1 Nc6 16. Ne2 Kd7 17. Be3 Rhc8 18. b3 a6 19. d4 cxd4 20. Nxd4 Nxd4 21. Bxd4 Bxd4 22. Rxd4 Ke6 23. a4 b5 24. cxb5 axb5 25. axb5 Rc5 26. Rb4 Rb8 27. b6 Rc6 28. b7 Rc7 29. Kf1 Ke5 1/2-1/2

[Event "Geraardsbergen op"]
[Site "Geraardsbergen"]
[Date "2003.08.14"]
[Round "2"]
[White "Bruynooghe, Stefaan"]
[Black "Schalkx, Johnny"]
[Result "1/2-1/2"]
[WhiteElo "2090"]
[BlackElo "2310"]
[PlyCount "98"]
[EventDate "2003.08.??"]
[EventType "swiss"]
[EventRounds "7"]
[EventCountry "BEL"]
[SourceTitle "EXT 2005"]
[Source "ChessBase"]
[SourceDate "2004.11.15"]
[SourceVersion "1"]
[SourceVersionDate "2004.11.15"]
[SourceQuality "1"]

1. d4 g6 2. c4 Bg7 3. Nc3 d6 4. e4 Nc6 5. Be3 e5 6. d5 Nce7 7. f3 f5 8. Bd3 Nf6 9. Qd2 0-0 10. 0-0-0 c5 11. exf5 gxf5 12. Nge2 a6 13. Bh6 Rf7 14. Bxg7 Rxg7 15. Ng3 Kh8 16. Rhg1 Bd7 17. Nh1 b5 18. Nf2 bxc4 19. Bxc4 Bb5 20. Bb3 Qg8 21. g3 Rf8 22. a4 Bd7 23. Bc4 Rb8 24. Bxa6 Rb4 25. Bb5 Rd4 26. Qc2 Nexd5 27. Nxd5 Qxd5 28. Bxd7 Nxd7 29. Qxf5 Rf7 30. Rxd4 cxd4 31. Qe4 Qa2 32. Rd1 Nc5 33. Qa8+ Kg7 34. Qd8 Qa1+ 35. Kc2 Qxa4+ 36. Kb1 Rd7 37. Qg5+ Kf7 38. Qf5+ Ke8 39. Rc1 Qa6 40. Qf6 Ra7 41. Qh8+ Kd7 42. Qxh7+ Kc6 43. Qe4+ d5 44. Qg6+ Kb5 45. Rxc5+ Kxc5 46. Qc2+ Kd6 47. Qg6+ Kc7 48. Qg7+ Kb6 49. Qg6+ Ka5 1/2-1/2